Teatro [de Jean-Paul Sartre] : El diablo y Dios /

I tiakina i:
Ngā taipitopito rārangi puna kōrero
Kaituhi matua: Sartre, Jean-Paul (autor)
Ētahi atu kaituhi: Zalamea, Jorge (traducción) (traducción)
Hōputu: Pukapuka
Reo:Pāniora
I whakaputaina: Buenos Aires, Argentina : Losada, 1961, c1952
Ngā Tūtohu: Tāpirihia he Tūtohu
Kāore He Tūtohu, Me noho koe te mea tuatahi ki te tūtohu i tēnei pūkete!

MARC

LEADER 00000nam^a2200000^a^4500
001 000579647
005 20250521000000.0
009 20260310132534.227
037 |a Acervo ITESO - Biblioteca 
041 |a ESP 
091 |a FLG. 00628 
100 |a Sartre, Jean-Paul  |e (autor) 
245 1 0 |a Teatro [de Jean-Paul Sartre] :  |b El diablo y Dios / 
264 4 |a Buenos Aires, Argentina :  |b Losada,  |c 1961, c1952 
300 |a 159 p. 
336 |a texto  |b txt  |2 rdacontenido 
337 |a sin mediación  |b n  |2 rdamedio 
338 |a volumen  |b nc  |2 rdasoporte 
649 |a XX 
700 |a Zalamea, Jorge  |e (traducción) 
910 |a Fondo Luis González de Alba 
920 |a Impresos - Libros 
930 |a Fondos Especiales 
940 |a Literatura 
905 |a 141 
901 |a 0500397247  |b IT2  |c ESP  |i D101835  |u 20250521 
902 |a https://opac.biblio.iteso.mx/vufind/Record/000579647